The ecology of the New Testament : (Record no. 8046)
[ view plain ]
| 000 -LEADER | |
|---|---|
| fixed length control field | 01170cam a2200325 i 4500 |
| 001 - CONTROL NUMBER | |
| control field | 17072203 |
| 003 - CONTROL NUMBER IDENTIFIER | |
| control field | GBCCL |
| 005 - DATE AND TIME OF LATEST TRANSACTION | |
| control field | 20241126110642.0 |
| 008 - FIXED-LENGTH DATA ELEMENTS--GENERAL INFORMATION | |
| fixed length control field | 111206s2010 cou 000 0 eng |
| 010 ## - | |
| -- | 2011275387 |
| 020 ## - INTERNATIONAL STANDARD BOOK NUMBER | |
| International Standard Book Number | 9781606570111 (pbk.) |
| 040 ## - CATALOGING SOURCE | |
| Original cataloging agency | DLC |
| Language of cataloging | eng |
| Description conventions | rda |
| Transcribing agency | DLC |
| Modifying agency | DLC |
| 042 ## - | |
| -- | pcc |
| 050 00 - | |
| -- | BT695.5 |
| -- | .B74 2010 |
| 082 ## - DEWEY DECIMAL CLASSIFICATION NUMBER | |
| Classification number | 261.88 |
| Item number | BRE |
| 100 1# - MAIN ENTRY--PERSONAL NAME | |
| Personal name | Bredin, Mark, |
| Relator term | author. |
| 9 (RLIN) | 14035 |
| 245 14 - TITLE STATEMENT | |
| Title | The ecology of the New Testament : |
| Remainder of title | creation, re-creation, and the environment / |
| Statement of responsibility, etc. | Mark Bredin. |
| 264 #1 - PRODUCTION, PUBLICATION, DISTRIBUTION, MANUFACTURE, AND COPYRIGHT NOTICE | |
| Place of production, publication, distribution, manufacture | Colorado Springs, CO : |
| Name of producer, publisher, distributor, manufacturer | Biblica, |
| Date of production, publication, distribution, manufacture, or copyright notice | 2010. |
| 300 ## - PHYSICAL DESCRIPTION | |
| Extent | xiv, 209 pages ; |
| Dimensions | 23 cm |
| 336 ## - CONTENT TYPE | |
| Content type term | text |
| Content type code | txt |
| Source | rdacontent |
| 337 ## - MEDIA TYPE | |
| Media type term | unmediated |
| Media type code | n |
| Source | rdamedia |
| 338 ## - CARRIER TYPE | |
| Carrier type term | volume |
| Carrier type code | nc |
| Source | rdacarrier |
| 650 #0 - SUBJECT ADDED ENTRY--TOPICAL TERM | |
| Topical term or geographic name entry element | Human ecology |
| General subdivision | Religious aspects |
| -- | Christianity. |
| 9 (RLIN) | 2620 |
| 650 #0 - SUBJECT ADDED ENTRY--TOPICAL TERM | |
| Topical term or geographic name entry element | Human ecology in the Bible. |
| 9 (RLIN) | 14036 |
| 650 #0 - SUBJECT ADDED ENTRY--TOPICAL TERM | |
| Topical term or geographic name entry element | Environmental ethics |
| General subdivision | Religious aspects |
| -- | Christianity. |
| 9 (RLIN) | 14037 |
| 650 #0 - SUBJECT ADDED ENTRY--TOPICAL TERM | |
| Topical term or geographic name entry element | Ecology |
| General subdivision | Religious aspects |
| -- | Christianity. |
| 9 (RLIN) | 12130 |
| 906 ## - LOCAL DATA ELEMENT F, LDF (RLIN) | |
| a | 7 |
| b | cbc |
| c | origres |
| d | 2 |
| e | ncip |
| f | 20 |
| g | y-gencatlg |
| 942 ## - ADDED ENTRY ELEMENTS (KOHA) | |
| Source of classification or shelving scheme | Dewey Decimal Classification |
| Koha item type | Books |
| Koha issues (borrowed), all copies | 17 |
| Withdrawn status | Lost status | Source of classification or shelving scheme | Damaged status | Not for loan | Home library | Current Library | Shelving location | Date acquired | Source of acquisition | Cost, normal purchase price | Total checkouts | Total renewals | Full call number | Barcode | Date last seen | Date last checked out | Copy number | Cost, replacement price | Price effective from | Koha item type |
|---|---|---|---|---|---|---|---|---|---|---|---|---|---|---|---|---|---|---|---|---|
| Dewey Decimal Classification | GRACE BIBLE COLLEGE | GRACE BIBLE COLLEGE | Ministry & Mission | 2019-05-14 | 13 | 741.00 | 22 | 6 | 261.88 BRE | 014942 | 2026-02-23 | 2026-02-19 | c.1 | 741.00 | 2019-05-14 | Books |